| 000 | 01004nas a2200313 4500 | ||
|---|---|---|---|
| 001 | BR2014000731 | ||
| 003 | BR-BrBNA | ||
| 005 | 20231205123643.0 | ||
| 007 | ta | ||
| 008 | 230509b bl.|||p| |||| 00| 00por d | ||
| 040 |
_aBR-BrBNA _bpor _cBiblioteca Nacional de Agricultura |
||
| 041 | _a(Pt) | ||
| 072 | _aP35 | ||
| 100 | 1 | _aLeal, A.J.F. | |
| 100 | 1 | _aLazarini, E. | |
| 100 | 1 | _aRodrigues, L.R. | |
| 100 | 1 | _aMuraishi, C.T. | |
| 100 | 1 | _aBuzetti, S. | |
| 100 | 1 | _aMacarenhas, H.A.A. | |
| 245 | 1 | _aAplicação de calcário e culturas de cobertura na implantação do sistema plantio direto em cerrado | |
| 650 | _aPLANTIO DIRETO | ||
| 650 | _aFERTILIDADE DO SOLO | ||
| 650 | _aCALAGEM | ||
| 650 | _aSORGO | ||
| 773 | 0 |
_tRevista Brasileira de Ciência do Solo (Brazil) _xISSN 0100-0683 _g(Oct-Dec 2008), v. 32(special number) p. 2771-2777 _wBR2014000731 |
|
| 856 | 4 | 0 | _uhttp://www.scielo.br/pdf/rbcs/v32nspe/22.pdf |
| 909 |
_a202311 _bLúcia _c55 _dLúcia Elande |
||
| 942 |
_2AGRIS _n0 _cANA |
||
| 999 |
_c235006 _d235006 |
||